• 首页
  • 本馆介绍
  • 公告通知
  • 最新文献
  • 馆藏检索
  • 电子资源
  • 读者导购
  • 参考咨询
  • 我的图书馆
  • 登录
  • 详细信息显示
  • 放入我的书架
  • 预约/预借图书
  • 作者相关作品
  • 分类相关作品
  • 丛书相关作品
  • 出版社相关作品

书目信息

  • 表格格式
  • 工作单格式
  • 卡片格式
题名:
初等几何教程
    
 
作者: 阿达玛 著 ;朱德祥 译
分册: 下册   立体部分
出版信息: 上海   上海科学技术出版社  1966.03
页数: 644页
开本: 21cm
丛书名: 初等数学教程
单 册:
中图分类: O123.2
科图分类:
主题词: 初等数学
电子资源:
ISBN:
000 00754nam0 2200241 45
001 0405181581
005 20060728092242.37
010    @dCNY2.50
091    @a13119.779
100    @a20040518d1966 km y0chiy0120 ea
101 0  @achi
200 1  @a初等几何教程@Achu deng ji he jiao cheng@h下册@i立体部分@ELi Ti Ji He@f(法)J·阿达玛著@F(Fa)J·A Da Ma Zhu@g朱德祥译
210    @a上海@c上海科学技术出版社@d1966.03
215    @a644页@d21cm
225    @a初等数学教程@fG·达尔布主编
410  0 @12001 @a初等数学教程@1701 0@aG·达尔布@AG·da er bu@4主编
517    @a立体部分@Ali ti bu fen
606 0  @a初等数学
690    @aO123.2@v3
701  0 @a阿达玛@4著
702  0 @a朱德祥@AZhu De Xiang@4译
801    @aCN@bPftUser@c20060728
905    @dO123.2@e60:1
    
    初等几何教程.下册.立体部分/(法)J·阿达玛著/朱德祥译.-上海:上海科学技术出版社,1966.03
    644页;21cm.-(初等数学教程/G·达尔布主编)
    
    
    ISBN :CNY2.50
    
●
相关链接 在E读中查询图书 在五车中查询图书 在当当中查询图书 在豆瓣中查询图书


正题名:初等几何教程     索取号:O123.2/60:1         预约/预借

序号 登录号 条形码 馆藏地/架位号 状态 备注
1 0442538   204425381   密集书库/ [索取号:O123.2/60:1] 在馆    
唐山师范学院图书馆 欢迎您!
大连网信软件有限公司© 版权所有